Recordmans de gains - Tennis - Hommes - 2 - Statistiques

Statistiques générales
  • Ce quiz a été pris 50 fois
  • Le résultat moyen est 10 sur 10
Statistiques - réponses
Hint Réponse % Correct
$16,349,586 (2019) Rafael Nadal
100%
$15,864,000 (2017) Rafael Nadal
100%
$14,570,935 (2013) Rafael Nadal
100%
$21,146,145 (2015) Novak Djokovic
98%
$15,967,184 (2018) Novak Djokovic
98%
$15,952,044 (2023) Novak Djokovic
98%
$14,250,527 (2014) Novak Djokovic
98%
$14,138,824 (2016) Novak Djokovic
98%
$15,196,504 (2023) Carlos Alcaraz
88%
$16,349,701 (2016) Andy Murray
79%
Aucun quiz correspondant
Distribution des résultats
% des personnes avec chaque résultat
Percentile par nombre de réponses
Votre historique - résultats
Vous n’avez pas pris ce quiz